| 000 | 00336nam a2200121 i 4500 | ||
|---|---|---|---|
| 001 | bg | ||
| 245 | 0 |
_aMetody sprawdzania narzędzi do pomiarów długości i kąta : _bpraca zbior. / _cpod red. J. Gliwińskiego. |
|
| 260 |
_aWarszawa, _c1979. |
||
| 040 | _cBPK | ||
| 041 | _apol | ||
| 942 | _cKS | ||
| 008 | s pl f |000 0 pol | ||
| 999 |
_c1377 _d1377 |
||
| 856 |
_uhttp://koha.tu.koszalin.pl/cgi-bin/koha/opac-detail.pl?biblionumber=1377 _yKatalog online BPK |
||